000 00556nam a22002177a 4500
003 UA-OsUOA
001 46285
007 ta
008 20070612b un ||||| |||| 00| 0 ukr d
100 _aПритика Д
090 _a34
_bП-11
942 _cSA
040 _aUA-OsUOA
_bukr
_cUA-OsUOA
_dUA-OsUOA
245 _aВищі спеціалізовані суди потрібні суспільству
300 _aС.6
955 _a0
041 _aukr
080 _a34
773 0 _w46283
650 7 _a34 Право. Юриспруденція
_2UDC
999 _c332392
_d332392